Руководство к черчению гор по моделям, или Вернейшее средство, к снятию гор с натуры, (Запись № 10048117)

Подробности
000 -МАРКЕР
контрольное поле 03740nam0a22005891 4500
001 - ИДЕНТИФИКАТОР ЗАПИСИ
контрольное поле RU\NLR\A1DV\23870
005 - ИДЕНТИФИКАТОР ВЕРСИИ
контрольное поле 20260407091008.0
035 ## - ДРУГИЕ СИСТЕМНЫЕ НОМЕРА
Идентификатор записи (NLR Aleph) 010776931
100 ## - ДАННЫЕ ОБЩЕЙ ОБРАБОТКИ
Данные общей обработки 19800104d1818 m y0rusy50 ca
101 2# - ЯЗЫК РЕСУРСА
Язык текста, звукозаписи и т.д. русский
-- немецкий
102 ## - СТРАНА ПУБЛИКАЦИИ ИЛИ ПРОИЗВОДСТВА
Страна публикации Российская Федерация
135 ## - ПОЛЕ КОДИРОВАННЫХ ДАННЫХ: ЭЛЕКТРОННЫЕ РЕСУРСЫ
Кодированные данные для электронного ресурса crcn 024anaba
140 ## - ПОЛЕ КОДИРОВАННЫХ ДАННЫХ: СТАРОПЕЧАТНЫЕ ИЗДАНИЯ - ОБЩАЯ ИНФОРМАЦИЯ
Кодированные данные о старопечатном издании - Основные z eka yaa0000
200 1# - ЗАГЛАВИЕ И СВЕДЕНИЯ ОБ ОТВЕТСТВЕННОСТИ
Основное заглавие Руководство к черчению гор по моделям, или Вернейшее средство, к снятию гор с натуры,
Первые сведения об ответственности сочинено полковником Теслевым.
Последующие сведения об ответственности С чертежем и моделию.
Параллельное заглавие Anleitung zum zeichnen der Berge: nach Modellen;
Сведения, относящиеся к заглавию Mit einer Kupfertafel und einem Gipsmodell
210 ## - ПУБЛИКАЦИЯ, РАСПРОСТРАНЕНИЕ И ДР.
Место издания, распространения и т.д. В Санктпетербурге
Имя издателя, распространителя и т. д. печатано при Императорской Академии наук
Дата издания, распространения и т.д. 1818
215 ## - ФИЗИЧЕСКАЯ ХАРАКТЕРИСТИКА
Специфическое обозначение материала и объем 27, [1] с., [1] л. черт.
Размеры
300 ## - ОБЩИЕ ПРИМЕЧАНИЯ
Текст примечания Ценз.: Г.М.Яценков, 28 мая 1818 г. (с.[1])
300 ## - ОБЩИЕ ПРИМЕЧАНИЯ
Текст примечания Текст парал. на рус. и нем. яз.
300 ## - ОБЩИЕ ПРИМЕЧАНИЯ
Текст примечания Подстроч. примеч. авт.
300 ## - ОБЩИЕ ПРИМЕЧАНИЯ
Текст примечания Черт. Грав. резцом И.И.Колпаков.
300 ## - ОБЩИЕ ПРИМЕЧАНИЯ
Текст примечания На с.3. посвящ. авт. П.М.Волконскому с подписью: Сочинитель.
316 ## - ПРИМЕЧАНИЯ ОБ ОСОБЕННОСТЯХ ЭКЗЕМПЛЯРА
Текст примечания Экз. РНБ (18.97.1.79) в обл. из розовой бумаги. На 1-й с. обл. написан шифр РНБ и бумаж. наклейка с написанным загл.: "Руководство к черчению гор". На 2-й с. обл. ярлык с шифром РНБ (перечеркнут). На тит. л. штамп ИБ в венке с короной и круглый штамп ГПБ. На с.15, 27 и обороте листа черт. круглый штамп ГПБ. Размер: 21,3х12,5х0,3 см.
Организация и экземпляр, к которому относится поле NLR: 18.97.1.79
321 1# - ПРИМЕЧАНИЯ ОБ ОТДЕЛЬНО ИЗДАННЫХ УКАЗАТЕЛЯХ / РЕФЕРАТАХ / ССЫЛКАХ, ОТРАЖАЮЩИХ КАТАЛОГИЗИРУЕМЫЙ ДОКУМЕНТ
Примечания об указателях, рефератах, ссылках Смирд. 4014
325 ## - ПРИМЕЧАНИЕ О КОПИИ
Текст примечания Копия доступна в Электрон. б-ке РНБ
517 1# - ДРУГИЕ ВАРИАНТЫ ЗАГЛАВИЯ
Вариант заглавия Вернейшее средство, к снятию гор с натуры,
620 ## - МЕСТО И ДАТА ПУБЛИКАЦИИ, ИСПОЛНЕНИЯ И Т. Д.
Город Санкт-Петербург
700 #1 - ИМЯ ЛИЦА - ПЕРВИЧНАЯ ОТВЕТСТВЕННОСТЬ
Начальный элемент ввода Теслев
Часть имени, кроме начального элемента ввода П.П.
Расширение инициалов личного имени Петр Петрович
Код отношения Автор
702 #1 - ИМЯ ЛИЦА - ВТОРИЧНАЯ ОТВЕТСТВЕННОСТЬ
Код отношения Объект посвящения
Графика поля Кириллица
Материалы, к которым относится поле rus
Начальный элемент ввода Волконский
Часть имени, кроме начального элемента ввода П. М.
Дополнения к именам, кроме дат военный деятель
Даты 1776-1852
Расширение инициалов личного имени Пётр Михайлович
Системный номер авторитетной/нормативной записи 205235
Идентификатор авторитетной/нормативной записи RU\NLR\AUTH\770205287
702 #1 - ИМЯ ЛИЦА - ВТОРИЧНАЯ ОТВЕТСТВЕННОСТЬ
Код отношения Цензор
Графика поля Кириллица
Материалы, к которым относится поле rus
Начальный элемент ввода Яценков
Часть имени, кроме начального элемента ввода Г. М.
Даты 1776-1852
Расширение инициалов личного имени Григорий Максимович
Системный номер авторитетной/нормативной записи 193922
Идентификатор авторитетной/нормативной записи RU\NLR\AUTH\770193973
702 #1 - ИМЯ ЛИЦА - ВТОРИЧНАЯ ОТВЕТСТВЕННОСТЬ
Код отношения Гравер
Графика поля Кириллица
Материалы, к которым относится поле rus
Начальный элемент ввода Колпаков
Часть имени, кроме начального элемента ввода И. И.
Даты 1771-1840
Расширение инициалов личного имени Иван Иванович
Системный номер авторитетной/нормативной записи 168455
Идентификатор авторитетной/нормативной записи RU\NLR\AUTH\770168503
712 02 - НАИМЕНОВАНИЕ ОРГАНИЗАЦИИ - ВТОРИЧНАЯ ОТВЕТСТВЕННОСТЬ
Код отношения Печатник (типограф)
Начальный элемент ввода Академическая типография
Идентифицирующий признак Петербург
Системный номер авторитетной/нормативной записи 303965
Идентификатор авторитетной/нормативной записи RU\NLR\AUTH\8815379
790 #1 - ИМЯ ЛИЦА - АЛЬТЕРНАТИВНАЯ ФОРМА
Связь между полями z01702
Начальный элемент ввода Калпаков
801 #0 - ИСТОЧНИК ЗАПИСИ
Страна Российская Федерация
Организация NLR
Дата составления 19800104
852 ## - МЕСТОНАХОЖДЕНИЕ И ШИФР ХРАНЕНИЯ
Идентификатор организации NLR
Шифр хранения (Call Number) 18.97.1.79
852 ## - МЕСТОНАХОЖДЕНИЕ И ШИФР ХРАНЕНИЯ
Идентификатор организации NLR
Шифр хранения (Call Number) 18.97.1.79а
856 #0 - МЕСТОНАХОЖДЕНИЕ ЭЛЕКТРОННЫХ РЕСУРОВ И ДОСТУП К НИМ
Универсальный идентификатор ресурса (Uniform Resource Identifier) https://vivaldi.nlr.ru/bx000025981/view
856 #1 - МЕСТОНАХОЖДЕНИЕ ЭЛЕКТРОННЫХ РЕСУРОВ И ДОСТУП К НИМ
Универсальный идентификатор ресурса (Uniform Resource Identifier) https://vivaldi.nlr.ru/bx000025981/cover
856 #2 - МЕСТОНАХОЖДЕНИЕ ЭЛЕКТРОННЫХ РЕСУРОВ И ДОСТУП К НИМ
Универсальный идентификатор ресурса (Uniform Resource Identifier) https://vivaldi.nlr.ru/bx000025981/text
942 ## - ДОПОЛНИТЕЛЬНЫЕ ЭЛЕМЕНТЫ ЗАПИСИ (АБИС)
Тип экземпляра АБИС Книга
980 ## - КОЛЛЕКЦИЯ
Название коллекции Национальная библиография
980 ## - КОЛЛЕКЦИЯ
Название коллекции 19 век (1-я четв.)
980 3# - КОЛЛЕКЦИЯ
Название коллекции
980 3# - КОЛЛЕКЦИЯ
Название коллекции
980 3# - КОЛЛЕКЦИЯ
Название коллекции
981 22 - КОЛЛЕКЦИЯ ЭЛЕКТРОННОЙ БИБЛИОТЕКИ
Название коллекции Материалы по истории России
Название подколлекции 2.05. Культура. Наука. Просвещение.
981 20 - КОЛЛЕКЦИЯ ЭЛЕКТРОННОЙ БИБЛИОТЕКИ
Название коллекции Книжные памятники РНБ
Название подколлекции Русский книжный фонд
Экземпляры
Тип экземпляра Дата поступления Библиотека постоянного хранения Библиотека текущего хранения Место хранения Шифр хранения Штрих-код Статус экземпляра
Книга 13.05.2016 РНБ (Садовая) РНБ (Садовая) Русский книжный фонд -Главное здание, Ленинский читальный зал 18.97.1.79 10776931-10  
Книга 13.05.2016 РНБ (Садовая) РНБ (Садовая) Русский книжный фонд -Главное здание, Ленинский читальный зал 18.97.1.79а 10776931-20